| 000 | 01084nam0a22002651 4500 | ||
|---|---|---|---|
| 001 | rc\2784898 | ||
| 005 | 20250529164800.0 | ||
| 035 | _a(NLR Aleph) 006911101 | ||
| 090 |
_a7348008 _c7348008 |
||
| 100 | _a20110915d1935 |||y0rusy50 ca | ||
| 101 | 0 | _arus | |
| 102 | _aRU | ||
| 105 | _ay z ||||| | ||
| 200 | 1 |
_aЧио-Чио-Сан. (М-м Беттерфляй) _eОпера в 3 д. _e[К постановке] _fМуз. Пуччини _gГос. театр оперы и балета им. А. В. Луначарского. Сезон 1935-1936 г. |
|
| 210 |
_a[Свердловск] _cТеатр оперы и балета _d[1935] _gтип. изд-ва "Урал. рабочий" |
||
| 215 |
_a7 с., 1 с. объявл. _d16х11 см. |
||
| 517 | 0 | _aМ-м Беттерфляй | |
| 702 | 1 |
_aПуччини _bД. _gДжакомо _4570 |
|
| 710 | 0 | 2 | _aСвердловский театр оперы и балета им. Луначарского |
| 801 | 0 |
_aRU _bNLR _gpsbo |
|
| 801 | 1 |
_aRU _bELAR _2rusmarc |
|
| 852 |
_aNLR _j35-9/1775 |
||
| 942 | _cBOOK | ||
| 980 | _aNB | ||